Kuchynský odpad ako sa vyhnúť pokute?

Zber a manipulácia biologicky rozložiteľného kuchynského odpadu zo zariadení spoločného stravovania. Vymedzenie pojmu biologicky rozložiteľný kuchynský a reštauračný odpad. Povinnosti držiteľa odpadu. Zákazy pre prevádzkovateľa kuchyne. Povinnosti prevádzkovateľov pri nakladaní s biologicky rozložit...

Description complète

Enregistré dans:
Détails bibliographiques
Auteur principal: Skalická, Lenka
Format: Chapitre de livre
Langue:slovaque
Sujets:
Tags: Ajouter un tag
Pas de tags, Soyez le premier à ajouter un tag!

MARC

LEADER 00000naa a2200000 4500
001 0222749
005 20231011130414.2
041 0 |a slo 
044 |a SK 
245 1 0 |a Kuchynský odpad  |b ako sa vyhnúť pokute?  |c Lenka Skalická 
520 |a Zber a manipulácia biologicky rozložiteľného kuchynského odpadu zo zariadení spoločného stravovania. Vymedzenie pojmu biologicky rozložiteľný kuchynský a reštauračný odpad. Povinnosti držiteľa odpadu. Zákazy pre prevádzkovateľa kuchyne. Povinnosti prevádzkovateľov pri nakladaní s biologicky rozložiteľným kuchynským a reštauračným odpadom. Manipulácia a spôsob odstraňovania tohto druhu odpadu. 
610 2 0 |a odpad 
610 2 0 |a reštaurácie 
610 2 0 |a zariadenia stravovacie 
610 2 0 |a ekológia 
610 2 0 |a legislatíva 
610 2 0 |a potraviny 
610 2 0 |a tuky 
610 2 0 |a oleje rastlinné 
100 1 |a Skalická, Lenka